Which MCU Movies Had The Most Screen Time? - Statistics

General Stats
  • This quiz has been taken 200 times
  • The average score is 10 of 11
Answer Stats
Amount of Screen Time Answer % Correct
181 Minutes Avengers: Endgame
99%
149 Minutes Avengers: Infinity War
97%
143 Minutes The Avengers
94%
147 Minutes Captain America: Civil War
93%
141 Minutes Avengers: Age of Ultron
92%
130 Minutes Iron Man 3
92%
130 Minutes Thor: Ragnarok
87%
134 Minutes Black Panther
84%
136 Minutes Captain America: The Winter Soldier
79%
133 Minutes Spider-Man: Homecoming
78%
136 Minutes Guardians of the Galaxy Vol. 2
55%
No matching quizzes found
Score Distribution
Percent of People with Each Score
Percentile by Number Answered
Your Score History
You have not taken this quiz